LEADER 00734nam0-22002771i-450- 001 990005589670403321 005 20060308141608.0 035 $a000558967 035 $aFED01000558967 035 $a(Aleph)000558967FED01 035 $a000558967 100 $a19990604d1970----km-y0itay50------ba 101 1 $aita 105 $aa-------00--- 200 1 $aDada$fKenneth Coutts-Smith 210 $aLondon$cStudio Vista$dc1970 215 $a167 p.$cill.$d18 cm 676 $a709.04062$v21$zita 700 1$aCoutts-Smith,$bKenneth$0215601 801 0$aIT$bUNINA$gRICA$2UNIMARC 901 $aBK 912 $a990005589670403321 952 $a709.04 COU 1$bST.ARTE 11534$fFLFBC 959 $aFLFBC 996 $aDada$9608376 997 $aUNINA LEADER 01269nam a2200289 i 4500 001 991000755839707536 005 20020507173156.0 008 930517s1966 us ||| | eng 035 $ab10752870-39ule_inst 035 $aLE01301851$9ExL 040 $aDip.to Matematica$beng 082 0 $a512.2 084 $aAMS 20F 100 1 $aMagnus, Wilhelm$06717 245 10$aCombinatorial group theory :$bpresentations of groups in terms of generators and relations /$cWilhelm Magnus, Abraham Karrass, Donald Solitar 260 $aNew York :$bJ. Wiley & Sons,$c1966 300 $axii, 444 p. ;$c23 cm 490 0 $aPure and applied mathematics.$pA series of monographs & textbooks, [Wiley-Interscience Publ.]$x0079-8169 ;$v13 650 0$aCombinatorial group theory 700 1 $aKarrass, Abraham$eauthor$4http://id.loc.gov/vocabulary/relators/aut$048985 700 1 $aSolitar, Donald$eauthor$4http://id.loc.gov/vocabulary/relators/aut$048986 907 $a.b10752870$b23-02-17$c28-06-02 912 $a991000755839707536 945 $aLE013 20F MAG11 (1966)$g1$i2013000007748$lle013$o-$pE0.00$q-$rl$s- $t0$u4$v0$w4$x0$y.i10846487$z28-06-02 996 $aCombinatorial group theory$9957139 997 $aUNISALENTO 998 $ale013$b01-01-93$cm$da $e-$feng$gus $h0$i1 LEADER 03239nam 2200577 450 001 9910798648503321 005 20170924175436.0 010 $a1-4422-7034-9 035 $a(CKB)3710000000861784 035 $a(EBL)4690644 035 $a(OCoLC)958863845 035 $a(MiAaPQ)EBC4690644 035 $a(PPN)200315803 035 $a(EXLCZ)993710000000861784 100 $a20161012h20162016 uy| 0 101 0 $aeng 135 $aur|n|---||||| 181 $2rdacontent 182 $2rdamedia 183 $2rdacarrier 200 00$aIntegrating LibGuides into library websites /$fedited by Aaron W. Dobbs, Ryan L. Sittler 210 1$aLanham :$cRowman & Littlefield,$d[2016] 210 4$dİ2016 215 $a1 online resource (259 p.) 225 1 $aLITA guides 300 $aDescription based upon print version of record. 311 $a1-4422-7033-0 311 $a1-4422-7032-2 320 $aIncludes bibliographical references and index. 327 $aContents; List of Figures and Tables; xiiiForeword; Preface; Acknowledgments; PartI. INTRODUCTION AND OVERVIEW OF LIBGUIDES AND LIBAPPS; Ch01. Good Foundations; Ch02. Manager, Librarian, and Web Developer; Ch03. Making the Case for Migration; PartII. ADMINISTERING AND MAINTAINING LIBGUIDES; Ch04. Using LibGuides CMS and Customized Templates to Create and Maintain Your Library Website; Ch05. LibGuides Administration; Ch06. LibGuides Administration; Ch07. Content Wrangling for LibGuides Administrators; PartIII. DESIGNING AND DEVELOPING EFFECTIVE LIBGUIDES; Ch08. Making User-Friendly Guides 327 $aCh09. To the Left, to the LeftCh10. Making LibGuides Accessible to All; Ch11. LibGuides; PartIV. PEDAGOGY AND INSTRUCTION WITH LIBGUIDES; Ch12. Infusing Pedagogy into LibGuides; Ch13. Access and Universal Design for Learning in LibGuides 2.0; Ch14. LibGuides Two Ways; Ch15. Redesigning LibGuides as Online Learning Modules; Index; About the Editors and Contributors 330 $aIntegrating LibGuides into Library Websites introduces ideas and options for both newer users and administrators. This authoritative LITA Guide covers responsive, mobile-first web design and provides overviews and in-depth information for LibGuides authors and administrators. Are you looking for both theoretical and concrete ideas to implement to improve your LibGuides content? Level-up your LibGuides content with improved accessibility and usability. Imbue your LibGuides instructional support with sound pedagogical theory. It's great to have a useful, accessible site as a starting point. Take 410 0$aLITA guides. 606 $aWeb applications in libraries 606 $aLibrary Web sites 606 $aDigital libraries$xManagement 606 $aLibrary information networks 615 0$aWeb applications in libraries. 615 0$aLibrary Web sites. 615 0$aDigital libraries$xManagement. 615 0$aLibrary information networks. 676 $a025.0422 702 $aDobbs$b Aaron W. 702 $aSittler$b Ryan L. 801 0$bMiAaPQ 801 1$bMiAaPQ 801 2$bMiAaPQ 906 $aBOOK 912 $a9910798648503321 996 $aIntegrating LibGuides into library websites$93704984 997 $aUNINA